000 00285nam a22001337a 4500
008 171129b xxu||||| |||| 00| 0 eng d
020 _a9780764536960
041 _aeng
080 _a004
100 _a26
101 _aSHK
245 _aMASTER VISUALLY
_cKINKOPH,SH
942 _2udc
_cBK
999 _c38607
_d38607